Carriere footballeur - Statistiques

Statistiques générales
  • Ce quiz a été pris 516 fois
  • Le résultat moyen est 7 sur 16
Statistiques - réponses
Par images Réponse % Correct
Alphonse Areola
87%
David Beckham
73%
Didier Deschamps
65%
Didier Deschamps
65%
Lassana Diarra
54%
Jérémy Ménez
49%
Kurt Zouma
48%
Guillaume Hoarau
43%
Romain Alessandrini
36%
Yann M'Vila
36%
Jérémy Morel
32%
Kevin-Prince Boateng
32%
Marko Arnautović
28%
Paul-Georges Ntep
24%
Michail Antonio
22%
Yohan Mollo
17%
Aucun quiz correspondant
Distribution des résultats
% des personnes avec chaque résultat
Percentile par nombre de réponses
Votre historique - résultats
Vous n’avez pas pris ce quiz